[Event "Offene Hessische Senioren Einzelmeisters"]
[Site "Bad Sooden- Allendorf"]
[Date "2011.05.06"]
[Round "7.54"]
[White "Rollwitz, Jürgen"]
[Black "Strozewski, Günter"]
[Result "1-0"]
[WhiteElo "1978"]
[BlackElo "1865"]
[PlyCount "69"]
[EventDate "2011.??.??"]

1. e4 e5 2. Bc4 Be7 3. d4 exd4 4. Qxd4 f6 5. Qd5 Bb4+ 6. c3 Qe7 7. cxb4 c6 8.
Qd2 d5 9. Bb3 Na6 10. a3 Bf5 11. Ne2 dxe4 12. Nbc3 Rd8 13. Qf4 Nh6 14. Be3 g5
15. Qg3 Ng4 16. h3 Nxe3 17. fxe3 h5 18. O-O Bd7 19. Nd4 h4 20. Qf2 Rh6 21. Nf5
Bxf5 22. Qxf5 Rd3 23. Rad1 Nc7 24. Rxd3 exd3 25. Qxd3 g4 26. Qe4 Qxe4 27. Nxe4
gxh3 28. Rxf6 Rh7 29. gxh3 Rg7+ 30. Kf2 Nd5 31. Bxd5 cxd5 32. Nc3 d4 33. exd4
Rg3 34. Rf3 Rg5 35. Ne4 1-0

[Event "Offene Hessische Senioren Einzelmeisters"]
[Site "Bad Sooden- Allendorf"]
[Date "2011.05.06"]
[Round "7.55"]
[White "Fritsch, Wolfgang"]
[Black "Perk, Egbert"]
[Result "0-1"]
[WhiteElo "1847"]
[BlackElo "1984"]
[PlyCount "31"]
[EventDate "2011.??.??"]

1. e4 d6 2. d4 Nf6 3. Nc3 c6 4. f4 g6 5. Nf3 Bg7 6. Be2 O-O 7. O-O Nbd7 8. e5
Ne8 9. Be3 Qc7 10. Qd2 Nb6 11. Rac1 Be6 12. b3 Rd8 13. Bd3 f6 14. exf6 exf6 15.
f5 Bf7 16. Nh4 {weitere 26 Züge nicht zu rekonstruieren} 0-1

[Event "Offene Hessische Senioren Einzelmeisters"]
[Site "Bad Sooden- Allendorf"]
[Date "2011.05.06"]
[Round "7.56"]
[White "Smits, Oswald"]
[Black "Preiß, Gerhard"]
[Result "1-0"]
[WhiteElo "1870"]
[BlackElo "1799"]
[PlyCount "25"]
[EventDate "2011.??.??"]

1. d4 Nf6 2. Nf3 e6 3. e3 d5 4. Bd3 c5 5. c3 Nc6 6. Nbd2 Bd7 7. Ne5 Qc7 8. O-O
Bd6 9. f4 g6 10. Qf3 Rf8 11. b3 Nh5 12. Bb2 f6 13. Nxg6 1-0

[Event "Offene Hessische Senioren Einzelmeisters"]
[Site "Bad Sooden- Allendorf"]
[Date "2011.05.06"]
[Round "7.57"]
[White "Held, Helmut"]
[Black "Burkardt, Robert"]
[Result "1-0"]
[WhiteElo "1999"]
[BlackElo "1834"]
[PlyCount "55"]
[EventDate "2011.??.??"]

1. e4 e5 2. Nf3 Nc6 3. Bb5 d6 4. d4 exd4 5. Qxd4 Bd7 6. Bxc6 Bxc6 7. Nc3 Nf6 8.
Bg5 Be7 9. O-O-O O-O 10. Kb1 h6 11. Bc1 Nd7 12. Nd5 Bxd5 13. exd5 Bf6 14. Qg4
Kh8 15. Qf5 Re8 16. h4 Ne5 17. Ng5 g6 18. Qxe5 Rxe5 19. Nxf7+ Kg7 20. Nxd8 Rxd8
21. f4 Re2 22. g4 Rg2 23. g5 hxg5 24. hxg5 Be7 25. b3 Rf8 26. Rh6 Bxg5 27. fxg5
Rff2 28. Rdh1 1-0

[Event "Offene Hessische Senioren Einzelmeisters"]
[Site "Bad Sooden- Allendorf"]
[Date "2011.05.06"]
[Round "7.58"]
[White "Grams, Arthur"]
[Black "Simon, Eberhard"]
[Result "0-1"]
[WhiteElo "1940"]
[BlackElo "1997"]
[PlyCount "70"]
[EventDate "2011.??.??"]

1. Nf3 c6 2. d4 d5 3. Bg5 Qb6 4. b3 Bf5 5. e3 Na6 6. Bd3 Bxd3 7. Qxd3 e6 8. a3
Ne7 9. O-O Ng6 10. c4 h6 11. Bh4 Nxh4 12. Nxh4 dxc4 13. bxc4 Rd8 14. Nf3 Qc7
15. Qc3 Be7 16. Nbd2 c5 17. Rab1 Bf6 18. Ne4 Qe7 19. Nxf6+ Qxf6 20. Rxb7 cxd4
21. exd4 O-O 22. Rxa7 Nc5 23. Qe3 Nd7 24. Rb1 Qg6 25. Rbb7 Nf6 26. Ne5 Qc2 27.
h3 Qd1+ 28. Kh2 Rxd4 29. Qb3 Qe2 30. Qc3 Qd1 31. Nxf7 Rh4 32. Nxh6+ gxh6 33.
Qg3+ Ng4+ 34. Qxg4+ Rxg4 35. hxg4 Qxg4 0-1

[Event "Offene Hessische Senioren Einzelmeisters"]
[Site "Bad Sooden- Allendorf"]
[Date "2011.05.06"]
[Round "7.59"]
[White "Viererbe, Hartmut"]
[Black "Schneider, Miloca"]
[Result "1/2-1/2"]
[WhiteElo "1893"]
[BlackElo "1946"]
[PlyCount "74"]
[EventDate "2011.??.??"]

1. Nf3 d5 2. c4 e6 3. b3 Nf6 4. Bb2 Be7 5. e3 O-O 6. Qc2 Nbd7 7. Nc3 c6 8. d4
b6 9. Bd3 Bb7 10. O-O Rc8 11. Rad1 Bd6 12. Ne2 Qc7 13. Ng3 Rfe8 14. e4 dxe4 15.
Nxe4 Nxe4 16. Bxe4 f5 17. Bd3 Nf6 18. h3 Nh5 19. Ne5 Nf4 20. Rfe1 Nxd3 21. Qxd3
g6 22. Re2 Rcd8 23. Qc3 Qe7 24. Rde1 Bb4 25. Qg3 Bxe1 26. Rxe1 g5 27. Qc3 h6
28. b4 a5 29. a3 axb4 30. axb4 Kh7 31. c5 b5 32. Qc2 Rd5 33. Ng4 Kg7 34. Ne3
Qd7 35. Nxd5 cxd5 36. Re5 Qc6 37. Qe2 Bc8 1/2-1/2

[Event "Offene Hessische Senioren Einzelmeisters"]
[Site "Bad Sooden- Allendorf"]
[Date "2011.05.06"]
[Round "7.60"]
[White "Hoffmann, Erich"]
[Black "van Houten, Henk"]
[Result "1-0"]
[WhiteElo "1914"]
[BlackElo "1839"]
[PlyCount "52"]
[EventDate "2011.??.??"]

1. e4 e5 2. f4 exf4 3. Nc3 Be7 4. Nf3 d6 5. Bc4 c6 6. O-O Nd7 7. d4 Nb6 8. Bd3
g5 9. Nxg5 Bxg5 10. Bxf4 h5 11. Bxg5 Qxg5 12. Qf3 Rh7 13. e5 Bg4 14. Qe4 Rh6
15. exd6+ Re6 16. Qh7 O-O-O 17. Rxf7 Qe3+ 18. Kh1 Nd7 19. Rxd7 Qe1+ 20. Bf1
Rxd7 21. Qxg8+ Re8 22. Rxe1 Rxg8 23. h3 Bf5 24. Re5 Bxc2 25. Bc4 Rxd6 26. Bxg8
Rxd4 1-0

[Event "Offene Hessische Senioren Einzelmeisters"]
[Site "Bad Sooden- Allendorf"]
[Date "2011.05.06"]
[Round "7.61"]
[White "von Janta, Lothar"]
[Black "Busic, Nedjeljko"]
[Result "0-1"]
[WhiteElo "1993"]
[BlackElo "2059"]
[PlyCount "32"]
[EventDate "2011.??.??"]

1. c4 Nf6 2. Nc3 g6 3. g3 Bg7 4. Bg2 O-O 5. e3 c6 6. Nge2 d6 7. O-O Bg4 8. d4
Na6 9. a3 Nc7 10. h3 Bd7 11. Kh2 d5 12. b3 a5 13. Na4 Be8 14. Nb6 Rb8 15. Nc3
Nd7 16. Nca4 {weitere 30 Züge nicht rekonstruierbar} Nxb6 0-1

[Event "Offene Hessische Senioren Einzelmeisters"]
[Site "Bad Sooden- Allendorf"]
[Date "2011.05.06"]
[Round "7.62"]
[White "Krotofil, Kurt"]
[Black "Narr, Irmgard"]
[Result "1/2-1/2"]
[WhiteElo "2039"]
[BlackElo "1780"]
[PlyCount "130"]
[EventDate "2011.??.??"]

1. d4 Nf6 2. c4 e6 3. Nc3 d6 4. e4 Be7 5. Nf3 c5 6. d5 exd5 7. cxd5 O-O 8. Bd3
Nbd7 9. O-O a6 10. a4 Re8 11. h3 Nf8 12. Bf4 Ng6 13. Bh2 Qb6 14. Qc2 Bf8 15.
Nd2 Ne5 16. Be2 Bd7 17. f4 Ng6 18. Nc4 Qd8 19. a5 Bb5 20. b3 Rb8 21. Rfe1 Nd7
22. Bd3 Bxc4 23. Bxc4 Qf6 24. Rf1 Qh4 25. Rae1 Qd8 26. Qa2 Qc7 27. Re3 Be7 28.
Kh1 Ra8 29. Ra1 Bf6 30. Qd2 Bd4 31. Ree1 Qd8 32. Ra2 Qf6 33. Nd1 Qh4 34. Re2 h6
35. Bd3 Ngf8 36. Ne3 Bxe3 37. Rxe3 Qf6 38. Be2 Ng6 39. g3 Qe7 40. Bc4 Nf6 41.
Qg2 Nxe4 42. Rae2 f5 43. g4 Nh4 44. Qg1 Qf6 45. gxf5 Qxf5 46. Bd3 Qh5 47. Bxe4
Rxe4 48. Qg4 Qxg4 49. hxg4 Rxe3 50. Rxe3 Kf7 51. f5 g5 52. Re6 Kg7 53. Rxd6 Re8
54. Re6 Rd8 55. d6 Nf3 56. Bg3 Nd4 57. Re7+ Kf8 58. Rxb7 Nb5 59. Rb6 Nd4 60.
Rxa6 Nxb3 61. Ra7 Nd2 62. d7 Ne4 63. Be5 Ke7 64. Kg2 Rxd7 65. Rxd7+ Kxd7
1/2-1/2

[Event "Offene Hessische Senioren Einzelmeisters"]
[Site "Bad Sooden- Allendorf"]
[Date "2011.05.06"]
[Round "7.63"]
[White "Klüver, Horst"]
[Black "Gudat, Alfons"]
[Result "0-1"]
[WhiteElo "1902"]
[BlackElo "2051"]
[PlyCount "148"]
[EventDate "2011.??.??"]

1. e4 c5 2. Nf3 Nc6 3. d4 cxd4 4. Nxd4 Nf6 5. f3 d5 6. exd5 Qxd5 7. Be3 e5 8.
Nxc6 Qxd1+ 9. Kxd1 bxc6 10. Bd3 Nd5 11. Re1 Be7 12. Bf2 O-O 13. Nd2 f6 14. c3
Nf4 15. Bf1 Bf5 16. Ne4 Bg6 17. g3 Nd5 18. Bc4 Kh8 19. Re2 f5 20. Nc5 e4 21.
Ne6 Rf6 22. Bxd5 cxd5 23. Nf4 Bf7 24. Ke1 g5 25. Nh3 Rh6 26. Bd4+ Kg8 27. Ng1
Bd6 28. Rg2 Re6 29. f4 gxf4 30. gxf4+ Rg6 31. Rxg6+ Bxg6 32. Ne2 Kf7 33. Kf2 a5
34. Rg1 a4 35. Ke3 Rb8 36. Rb1 Bh5 37. Ng3 Bg6 38. b4 axb3 39. axb3 h5 40. b4
h4 41. Nh1 Ra8 42. Rb2 Ra1 43. Nf2 Bh5 44. Nh3 Re1+ 45. Kf2 Rd1 46. Ra2 Be7 47.
Be3 Rh1 48. Ra7 Rxh2+ 49. Kg1 Rxh3 50. Bc5 Kg7 51. Rxe7+ Bf7 52. b5 Kf6 53. b6
Rxc3 54. Rc7 Rb3 55. Bd4+ Kg6 56. b7 Be6 57. Rg7+ Kh6 58. Be5 d4 59. Bxd4 Bd5
60. Rd7 Bxb7 61. Rd6+ Kh5 62. Rb6 Rxb6 63. Bxb6 Kg4 64. Kh2 Kxf4 65. Kh3 Kf3
66. Kxh4 e3 67. Kg5 Be4 68. Ba5 e2 69. Be1 Kg2 70. Kf4 Kf1 71. Bg3 e1=Q 72.
Bxe1 Kxe1 73. Ke3 Kf1 74. Kf4 Kf2 0-1

[Event "Offene Hessische Senioren Einzelmeisters"]
[Site "Bad Sooden- Allendorf"]
[Date "2011.05.06"]
[Round "7.64"]
[White "Josting, Friedel"]
[Black "Kühnl, Bernd"]
[Result "1/2-1/2"]
[WhiteElo "2023"]
[BlackElo "1892"]
[PlyCount "67"]
[EventDate "2011.??.??"]

1. Nf3 Nf6 2. d4 g6 3. Bf4 d6 4. Nbd2 Bg7 5. e4 Nh5 6. Be3 O-O 7. Bc4 Nc6 8. c3
Na5 9. Be2 b6 10. O-O e5 $11 11. Nc4 Nc6 12. Qb3 Bg4 13. Rfd1 exd4 14. cxd4 Qe8
15. h3 Bc8 16. d5 Nb8 17. g4 Nf6 18. e5 dxe5 19. Ncxe5 Ne4 20. Nd3 Ng3 21. Rd2
Nxe2+ 22. Rxe2 Ba6 23. Nd2 Nd7 24. Rae1 Qd8 25. Nf3 Nc5 26. Bxc5 bxc5 27. Qa3
Qd6 28. Rd2 Bxd3 29. Qxd3 Rfe8 30. Rde2 Rxe2 31. Rxe2 h6 32. b3 Rd8 33. Kg2 Bf6
34. Rd2 1/2-1/2

[Event "Offene Hessische Senioren Einzelmeisters"]
[Site "Bad Sooden- Allendorf"]
[Date "2011.05.06"]
[Round "7.65"]
[White "Papenkordt, Karl-Hermann"]
[Black "Merettig, Georg"]
[Result "0-1"]
[WhiteElo "1906"]
[BlackElo "1943"]
[PlyCount "102"]
[EventDate "2011.??.??"]

1. c4 Nc6 2. d4 e5 3. e3 b6 4. Nc3 Bb7 5. Nf3 Nf6 6. d5 Nb4 7. Nxe5 Bd6 8. Nf3
c6 9. a3 Na6 10. b4 Nc7 11. e4 O-O 12. Be2 Ng4 13. O-O Ne5 14. Bb2 Qe7 15. Nxe5
Bxe5 16. Bd3 Rac8 17. Qh5 g6 18. Qe2 Rfe8 19. f4 Bd4+ 20. Kh1 Bxc3 21. Bxc3
cxd5 22. cxd5 Nxd5 23. Bb2 Qh4 24. Qf2 Qxf2 25. Rxf2 Ne3 26. Re2 Ng4 27. Kg1 f5
28. exf5 Rxe2 29. Bxe2 Rc2 30. Bxg4 Rxg2+ 31. Kf1 Rxg4 32. fxg6 Rxf4+ 33. Ke2
hxg6 34. Rd1 Bc6 35. Rd4 Rf5 36. Rh4 Rg5 37. Bf6 Rg2+ 38. Ke3 Ra2 39. Kf4 Kf7
40. Be5 Rxa3 41. Kg5 Ra2 42. Rh7+ Ke6 43. Bb8 Rg2+ 44. Bg3 Be4 45. Kf4 Bf5 46.
Rh8 Rb2 47. Be1 Kd5 48. h4 Re2 49. Bg3 Re4+ 50. Kf3 Bg4+ 51. Kf2 Rxb4 0-1

[Event "Offene Hessische Senioren Einzelmeisters"]
[Site "Bad Sooden- Allendorf"]
[Date "2011.05.06"]
[Round "7.66"]
[White "Samarian, Cornel"]
[Black "Mertens, Gottfried"]
[Result "1/2-1/2"]
[WhiteElo "1757"]
[BlackElo "1982"]
[PlyCount "96"]
[EventDate "2011.??.??"]

1. d4 e6 2. c4 f5 3. Nf3 Nf6 4. Nc3 Bb4 5. Bd2 O-O 6. Qc2 d6 7. e3 Qe8 8. a3
Bxc3 9. Bxc3 Ne4 10. O-O-O Nxc3 11. Qxc3 Nd7 12. Bd3 Nf6 13. Qc2 Bd7 14. Nd2 b5
15. cxb5 Bxb5 16. Bxb5 Qxb5 17. Qc4 Qd7 18. Kb1 Rfb8 19. Ka2 Rb7 20. Rb1 Rab8
21. h3 d5 22. Qd3 Qb5 23. Qxb5 Rxb5 24. Rhc1 R8b7 25. b4 Kf7 26. Rc5 Ne8 27.
Rxb5 Rxb5 28. Rc1 Ke7 29. Kb3 Rb7 30. Nf3 a5 31. Rc5 axb4 32. axb4 Ra7 33. Ra5
Rb7 34. Ne5 Nd6 35. Ra2 Nf7 36. Nd3 Nd6 37. Nc5 Rb8 38. Ra6 Rb6 39. Ra7 Ne8 40.
Nd3 g5 41. g4 fxg4 42. hxg4 Rb8 43. Ne5 Rc8 44. Ra1 Nf6 45. f3 Rh8 46. Rh1 Ra8
47. Rc1 Ne8 48. Rh1 Nf6 1/2-1/2

[Event "Offene Hessische Senioren Einzelmeisters"]
[Site "Bad Sooden- Allendorf"]
[Date "2011.05.06"]
[Round "7.67"]
[White "Schmitthöfer, Herbert"]
[Black "Bill, Eugen"]
[Result "1-0"]
[WhiteElo "1914"]
[BlackElo "1873"]
[PlyCount "66"]
[EventDate "2011.??.??"]

1. d4 Nf6 2. c4 d5 3. Nc3 c6 4. Nf3 Nbd7 5. cxd5 cxd5 6. e3 g6 7. Bd3 Bg7 8.
Qc2 O-O 9. Bd2 a6 10. Rc1 b5 11. O-O Bb7 12. Ne2 Rc8 13. Qb3 Nb6 14. Ba5 Qd6
15. a4 Nc4 16. Bb4 Qb8 17. axb5 axb5 18. Bxe7 Rfe8 19. Bc5 Ne4 20. Qxb5 Nxc5
21. dxc5 Nxb2 22. Bb1 Qa8 23. Ned4 Nc4 24. Qd7 Red8 25. Qg4 Rxc5 26. h4 Ne5 27.
Nxe5 Rxc1 28. Rxc1 Bxe5 29. Nf5 Bg7 30. Ne7+ Kh8 31. h5 Re8 32. Qg5 Qd8 33. h6
Bf8 1-0

[Event "Offene Hessische Senioren Einzelmeisters"]
[Site "Bad Sooden- Allendorf"]
[Date "2011.05.06"]
[Round "7.68"]
[White "Droese, Dr. Manfred"]
[Black "Aepfler, Gerhard"]
[Result "0-1"]
[WhiteElo "1844"]
[BlackElo "2003"]
[PlyCount "80"]
[EventDate "2011.??.??"]

1. Nf3 d5 2. d4 Nf6 3. e3 Bg4 4. c4 Bxf3 5. Qxf3 e6 6. Nc3 Nbd7 7. cxd5 exd5 8.
Bd3 Bb4 9. Bd2 O-O 10. O-O c5 11. Qd1 Re8 12. a3 Bxc3 13. Bxc3 c4 14. Be2 Ne4
15. Be1 Qg5 16. Qa4 Ndf6 17. Rc1 a6 18. Qd1 Nd7 19. Bf3 Qe7 20. Bxe4 Qxe4 21.
Rc3 b5 22. f3 Qe6 23. Bf2 a5 24. b4 axb4 25. axb4 Qe7 26. Qc2 Ra4 27. Rb1 Rea8
28. e4 Ra2 29. Qc1 dxe4 30. Re3 f5 31. fxe4 fxe4 32. Be1 Qg5 33. Bd2 Nf6 34.
Re2 Qd5 35. Kh1 R8a3 36. Re3 Rd3 37. Rxd3 exd3 38. Ra1 Rc2 39. Qe1 c3 40. Bxc3
Qxg2# 0-1

[Event "Offene Hessische Senioren Einzelmeisters"]
[Site "Bad Sooden- Allendorf"]
[Date "2011.05.06"]
[Round "7.69"]
[White "Hopp, Dr. Barbara"]
[Black "Gebuhr, Günter"]
[Result "0-1"]
[WhiteElo "1799"]
[BlackElo "1951"]
[PlyCount "48"]
[EventDate "2011.??.??"]

1. d4 Nf6 2. f3 d5 3. e4 dxe4 4. Nc3 exf3 5. Nxf3 e6 6. Bd3 Be7 7. O-O O-O 8.
Kh1 Nbd7 9. Ng5 h6 10. Nxf7 Rxf7 11. Bg6 Nf8 12. Bxf7+ Kxf7 13. Qh5+ Kg8 14.
Qf3 Qxd4 15. h3 Bd7 16. Rd1 Qb6 17. Ne4 Bc6 18. Nxf6+ Bxf6 19. Qg3 Kh7 20. c3
Ng6 21. b3 Bh4 22. Qg4 Rf8 23. Bxh6 gxh6 24. Qxe6 Bxg2+ 0-1

[Event "Offene Hessische Senioren Einzelmeisters"]
[Site "Bad Sooden- Allendorf"]
[Date "2011.05.06"]
[Round "7.70"]
[White "Schulz, Eugen"]
[Black "Zoll, Theo"]
[Result "1-0"]
[WhiteElo "1978"]
[BlackElo "1753"]
[PlyCount "85"]
[EventDate "2011.??.??"]

1. e4 c5 2. Nf3 d6 3. d4 cxd4 4. Nxd4 Nf6 5. f3 a6 6. c4 Nc6 7. Be3 e6 8. Nc3
Be7 9. Be2 Qc7 10. O-O O-O 11. Rc1 Bd7 12. Kh1 Rac8 13. f4 e5 14. Nb3 exf4 15.
Bxf4 Ne5 16. Nd5 Nxd5 17. exd5 Ng6 18. Bg3 Bh4 19. Bxh4 Nxh4 20. Nd4 Qd8 21.
Qd2 Ng6 22. b3 Re8 23. Bh5 Ne5 24. Qf4 g6 25. Qg3 Kh8 26. Be2 f5 27. Rce1 Qf6
28. Qf2 Re7 29. g4 Rf7 30. gxf5 Rcf8 31. Ne6 Bxe6 32. dxe6 Qxe6 33. fxe6 Rxf2
34. Rxf2 Re8 35. Rf6 Kg7 36. Ref1 Re7 37. R1f2 b6 38. Bf1 a5 39. Bg2 Ng4 40.
Rf7+ Rxf7 41. Rxf7+ Kg8 42. Bd5 Ne5 43. Rf1 1-0

[Event "Offene Hessische Senioren Einzelmeisters"]
[Site "Bad Sooden- Allendorf"]
[Date "2011.05.06"]
[Round "7.71"]
[White "Kirchberg, Hans-Georg"]
[Black "Millen, Ernst"]
[Result "1-0"]
[WhiteElo "1538"]
[BlackElo "1953"]
[PlyCount "109"]
[EventDate "2011.??.??"]

1. d4 d5 2. Nf3 c6 3. e3 Bf5 4. Bd3 e6 5. O-O Bd6 6. Bxf5 exf5 7. Re1 Ne7 8. b3
Nd7 9. Bb2 Nf6 10. Nbd2 Ne4 11. c4 Bb4 12. a3 Bxd2 13. Nxd2 O-O 14. f3 Nf6 15.
Qc2 Qd7 16. c5 Rfe8 17. b4 Ng6 18. a4 Re7 19. e4 fxe4 20. fxe4 Nxe4 21. Nxe4
dxe4 22. Rxe4 Rxe4 23. Qxe4 Re8 24. Qf3 Qe6 25. b5 Ne7 26. Rf1 Nd5 27. bxc6
bxc6 28. Qg3 Qe3+ 29. Qxe3 Rxe3 30. Rb1 Rb3 31. Re1 Kf8 32. Re2 Rb4 33. a5 Ra4
34. Kf2 Rxa5 35. Kf3 Rb5 36. g3 g6 37. Bc1 Kg7 38. Ra2 Rb7 39. Bd2 h6 40. Ra6
Ne7 41. Bf4 Rd7 42. g4 f5 43. gxf5 Nxf5 44. Be5+ Kh7 45. Rxc6 a5 46. Rc8 g5 47.
Ke4 Ne7 48. Ra8 Kg6 49. Rxa5 Rb7 50. Ra6+ Kh5 51. c6 Rb1 52. c7 Rc1 53. Ra8 Kg6
54. Bd6 Re1+ 55. Kd3 1-0

[Event "Offene Hessische Senioren Einzelmeisters"]
[Site "Bad Sooden- Allendorf"]
[Date "2011.05.06"]
[Round "7.72"]
[White "Dinius, Helmut"]
[Black "Fromme, Werner"]
[Result "1/2-1/2"]
[WhiteElo "1774"]
[BlackElo "1935"]
[PlyCount "60"]
[EventDate "2011.??.??"]

1. e4 d6 2. Bc4 Nf6 3. d3 g6 4. Nc3 Bg7 5. Bd2 c6 6. h3 Nbd7 7. Nge2 e6 8. a3
b5 9. Bb3 a5 10. Qc1 h6 11. Ng3 Qc7 12. O-O Nc5 13. Nce2 Bb7 14. Rb1 Ncd7 15.
Kh1 c5 16. f3 g5 17. Be3 d5 18. Re1 d4 19. Bg1 Bf8 20. Bh2 Bd6 21. Nf1 Bxh2 22.
Nxh2 Nh5 23. Nf1 Nf4 24. Kg1 Nf6 25. Neg3 h5 26. e5 Nd7 27. Qd2 Nxe5 28. Ne4
Bxe4 29. Rxe4 Nxh3+ 30. Kh1 Nf4 {weitere 15 Züge nicht rekonstruierbar} 1/2-1/2

[Event "Offene Hessische Senioren Einzelmeisters"]
[Site "Bad Sooden- Allendorf"]
[Date "2011.05.06"]
[Round "7.73"]
[White "Micheel, Peter"]
[Black "Hampe, Werner"]
[Result "1-0"]
[WhiteElo "1989"]
[BlackElo "1834"]
[PlyCount "141"]
[EventDate "2011.??.??"]

1. e4 e5 2. Nf3 Nc6 3. Bb5 Nf6 4. O-O d6 5. Nc3 a6 6. Bxc6+ bxc6 7. h3 Be7 8.
d4 exd4 9. Qxd4 O-O 10. Be3 c5 11. Qd3 Bb7 12. Rad1 Qc8 13. Bf4 Rd8 14. Rfe1 h6
15. Qe3 Bf8 16. Nd5 Bxd5 17. exd5 Re8 18. Qd3 Qd7 19. b3 Rxe1+ 20. Rxe1 a5 21.
c4 a4 22. Qc3 axb3 23. axb3 Qf5 24. Bh2 Qd7 25. Bg3 Re8 26. Bf4 Rxe1+ 27. Qxe1
Qf5 28. Qe3 Nh7 29. g4 Qd7 30. Kg2 Be7 31. Nd2 g5 32. Bg3 Bf6 33. Ne4 Bd4 34.
Qf3 Qe7 35. Qf5 Nf6 36. Nxf6+ Bxf6 37. Qf3 Kg7 38. Qd3 Kg8 39. Kf1 Kg7 40. Qe2
Qxe2+ 41. Kxe2 Bc3 42. f4 f6 43. Kd3 Ba1 44. fxg5 hxg5 45. Be1 Kg6 46. Ke4 Be5
47. Ba5 Bh2 48. Bxc7 Kf7 49. Kf5 Ke7 50. Ba5 Be5 51. b4 Bc3 52. Ke4 cxb4 $11
53. Kd3 Be1 54. Bb6 Kd7 55. Kc2 Bc3 56. Kb3 Kc8 57. Ba5 Kd7 58. Bxb4 Be5 59.
Kc2 Ke7 60. Kd3 Kd7 61. Ke4 Ba1 62. c5 dxc5 63. Bxc5 Be5 64. Kf5 Bc3 65. Ke4
Be5 66. Bf2 Kd6 67. h4 gxh4 68. Bxh4 Ba1 69. Kf5 Bc3 70. Bxf6 Bd2 71. Ke4 1-0

[Event "Offene Hessische Senioren Einzelmeisters"]
[Site "Bad Sooden- Allendorf"]
[Date "2011.05.06"]
[Round "7.74"]
[White "Scholze, Roland"]
[Black "Fritsche, Rainer"]
[Result "1-0"]
[WhiteElo "1986"]
[BlackElo "1657"]
[PlyCount "77"]
[EventDate "2011.??.??"]

1. e4 e6 2. d4 d5 3. Nc3 Nf6 4. Bd3 a6 5. Nf3 h6 6. O-O c5 7. exd5 exd5 8. Re1+
Be6 9. Qe2 Be7 10. dxc5 Nc6 11. a3 O-O 12. b4 Bg4 13. Qd1 Re8 14. h3 Be6 15.
Bb2 Qc8 16. Bf1 Rd8 17. Na4 Qc7 18. Nb6 Ra7 19. Nd4 Nxd4 20. Bxd4 Re8 21. a4
Qd8 22. Ra3 Nd7 23. Rg3 Bf6 24. Nxd7 Bxd7 25. Rxe8+ Bxe8 26. c6 Ra8 27. cxb7
Rb8 28. Bxf6 Qxf6 29. Qxd5 Bc6 30. Qc5 Bxb7 31. Qc7 Qd8 32. Qxd8+ Rxd8 33. Rd3
Rc8 34. c4 Kf8 35. c5 Be4 36. Rd4 Bc6 37. Bxa6 Rb8 38. b5 Be8 39. c6 1-0

[Event "Offene Hessische Senioren Einzelmeisters"]
[Site "Bad Sooden- Allendorf"]
[Date "2011.05.06"]
[Round "7.75"]
[White "Preiß, Lore"]
[Black "Brandt, Fred"]
[Result "0-1"]
[WhiteElo "1473"]
[BlackElo "1873"]
[PlyCount "96"]
[EventDate "2011.??.??"]

1. d4 Nf6 2. Nf3 e6 3. c4 d5 4. e3 Bd6 5. Bd3 Nbd7 6. O-O O-O 7. Nc3 c6 8. cxd5
exd5 9. e4 dxe4 10. Nxe4 Nxe4 11. Bxe4 h6 12. h3 Nf6 13. Bc2 Re8 14. Be3 Be6
15. Bb3 Nd5 16. Bd2 Qf6 17. Re1 Re7 18. Ne5 Rae8 19. Qf3 Bxe5 20. Rxe5 Qxf3 21.
gxf3 Bxh3 22. Rxe7 Rxe7 23. Bxd5 cxd5 24. Be3 Be6 25. Kh2 Rc7 26. Rg1 Kh7 27.
Rc1 Re7 28. Kg3 g6 29. Rh1 h5 30. Rc1 f6 31. Kh4 Kg8 32. f4 Kf8 33. Kg3 Ke8 34.
Bd2 Kd8 35. Ba5+ b6 36. Bc3 Bf5 37. Re1 a5 38. a3 Rxe1 39. Bxe1 a4 40. Bb4 Kd7
41. Bf8 Ke6 42. Bb4 g5 43. Bd2 h4+ 44. Kh2 g4 45. Kg1 Be4 46. Kh2 Kf5 47. Kg1
Bf3 48. Be3 Ke4 0-1

[Event "Offene Hessische Senioren Einzelmeisters"]
[Site "Bad Sooden- Allendorf"]
[Date "2011.05.06"]
[Round "7.76"]
[White "Borkenhagen, Bernd"]
[Black "Alvarez, Luis"]
[Result "0-1"]
[WhiteElo "1724"]
[BlackElo "1869"]
[PlyCount "125"]
[EventDate "2011.??.??"]

1. c4 e6 2. Nc3 Nf6 3. d3 d5 4. cxd5 exd5 5. e3 Bd6 6. Be2 O-O 7. Nf3 a6 8. O-O
Nc6 9. a3 Re8 10. d4 b5 11. Bd2 h6 12. h3 Qe7 13. Nh2 Bb7 14. Bf3 Rad8 15. Kh1
Nb8 16. Ng4 Nbd7 17. Nxf6+ Nxf6 18. Na2 Ne4 19. Bb4 Bxb4 20. Nxb4 a5 21. Nd3
Bc8 22. Ne5 Rd6 23. Rc1 Qh4 24. Kg1 Ng5 25. Rc6 Bxh3 26. Rxd6 cxd6 27. Ng4
Nxf3+ 28. Qxf3 Bxg4 29. Qxd5 Qg5 30. Qxd6 Bf3 31. Qh2 Re6 32. Rc1 Rc6 33. Rxc6
Bxc6 34. Qh3 Qg6 35. b4 axb4 36. axb4 Bd5 37. Qg3 Qb1+ 38. Kh2 Qxb4 39. Qe5 Bc4
40. d5 Qd2 41. d6 Be6 42. Qxb5 Qxd6+ 43. g3 Qd5 44. Qxd5 Bxd5 45. g4 g5 46. Kg3
Kg7 47. f3 Kf6 48. f4 Bc6 49. Kf2 Bd7 50. Kg3 Ke7 51. e4 f6 52. fxg5 hxg5 53.
Kf3 Kd6 54. Ke3 Ke5 55. Kf3 Bc6 56. Kg3 Kxe4 57. Kg2 Kf4+ 58. Kh3 Bd7 59. Kh2
Kxg4 60. Kg2 f5 61. Kh2 Kf3 62. Kg1 Ke2 63. Kg2 0-1

[Event "Offene Hessische Senioren Einzelmeisters"]
[Site "Bad Sooden- Allendorf"]
[Date "2011.05.06"]
[Round "7.77"]
[White "Meyer, Walter"]
[Black "Jung, Prof. Michael"]
[Result "1/2-1/2"]
[WhiteElo "1889"]
[BlackElo "1833"]
[PlyCount "40"]
[EventDate "2011.??.??"]

1. c4 c5 2. g3 g6 3. Bg2 Bg7 4. Nf3 Nc6 5. Nc3 e5 6. d3 Nge7 7. O-O O-O 8. a3
d6 9. Bd2 h6 10. Rb1 Rb8 11. b4 b6 12. b5 Nd4 13. Nxd4 exd4 14. Nd5 Bb7 15.
Nxe7+ Qxe7 16. a4 Bxg2 17. Kxg2 f5 18. f4 Rfe8 19. Rf2 Qf7 20. Qb3 Re6 1/2-1/2

[Event "Offene Hessische Senioren Einzelmeisters"]
[Site "Bad Sooden- Allendorf"]
[Date "2011.05.06"]
[Round "7.78"]
[White "Wilfert, Eva-Maria"]
[Black "Juckschat, Paul"]
[Result "1/2-1/2"]
[WhiteElo "1743"]
[BlackElo "1926"]
[PlyCount "42"]
[EventDate "2011.??.??"]

1. d4 d5 2. Nf3 c6 3. b3 Bf5 4. Bb2 e6 5. e3 Bd6 6. g3 Nf6 7. Bg2 h6 8. Nbd2
Nbd7 9. O-O O-O 10. c4 Qe7 11. c5 Bc7 12. Rc1 a5 13. Re1 Ne4 14. Nh4 Nxd2 15.
Nxf5 exf5 16. Qxd2 Nf6 17. f3 Rfe8 18. Qd3 g6 19. Rc2 f4 20. gxf4 Bxf4 21. Rce2
Bg5 1/2-1/2

[Event "Offene Hessische Senioren Einzelmeisters"]
[Site "Bad Sooden- Allendorf"]
[Date "2011.05.06"]
[Round "7.79"]
[White "Türtmann, Dieter"]
[Black "Graffenberger, Wilhelm"]
[Result "1-0"]
[WhiteElo "1973"]
[BlackElo "1762"]
[PlyCount "120"]
[EventDate "2011.??.??"]

1. b3 Nf6 2. Bb2 e6 3. Nf3 d5 4. e3 Bd6 5. Be2 Nbd7 6. c4 c6 7. d4 Ne4 8. Nbd2
f5 9. O-O O-O 10. Ne5 Ndf6 11. f3 Ng5 12. Bd3 Bd7 13. Nxd7 Qxd7 14. Qe2 Rad8
15. f4 Nge4 16. Bxe4 Nxe4 17. Nxe4 fxe4 18. c5 Bb8 19. Bc3 Qe7 20. a4 Rf7 21.
b4 Rdf8 22. g3 Qf6 23. Rab1 Qg6 24. Qg2 Rf6 25. Rb2 Qe8 26. Rfb1 a6 27. b5 Qh5
28. bxc6 Rg6 29. Bd2 e5 30. Rxb7 exf4 31. Rxb8 f3 32. Rxf8+ Kxf8 33. Qf2 Rxc6
34. Rb8+ Ke7 35. Be1 Qg4 36. Rb7+ Kd8 37. Ba5+ Kc8 38. Rf7 h5 39. Qb2 f2+ 40.
Rxf2 Qd1+ 41. Kg2 Rf6 42. Qe2 Qxe2 43. Rxe2 Rf3 44. Be1 g5 45. Bf2 Rf7 46. Rb2
Rb7 47. Rxb7 Kxb7 48. h3 g4 49. Be1 Kc6 50. hxg4 hxg4 51. Kf2 Kb7 52. Ke2 Kc6
53. Kd2 Kb7 54. Kc2 Ka7 55. Kb3 Kb7 56. Kb4 Ka7 57. Ka5 Kb7 58. Bb4 Ka7 59. c6
Kb8 60. Kxa6 Ka8 1-0